Árboles del mundo (Registro nro. 284)
[ vista simple ]
| 000 -Cabecera | |
|---|---|
| Campo de control interno | 00585nam a2200229Ia 4500 |
| 005 - Fecha y hora del registro | |
| control field | 20251203123024.0 |
| 008 - Elementos de Longitud Fija | |
| fixed length control field | 251203t2014||||xx |||||||||||||| ||spa|| |
| 020 ## - ISBN | |
| ISBN | 9788416127146 |
| 041 ## - Idioma | |
| Codigo Idioma | ESP |
| 082 ## - DEWEY y NOTACIÓN INTERNA | |
| Dewey | 582.16 |
| Notación Interna | P48 |
| 100 ## - AUTOR | |
| Autor denominación | Petherick, Tom, |
| Títulos y otras palabras asociadas con el nombre | autor |
| 245 #0 - TÍTULO DE MATERIAL BIBLIOGRÁFICO | |
| Título | Árboles del mundo |
| Título paralelo | |
| 246 ## - TÍTULO TRADUCIDO | |
| Título | Trees that shape the world5 |
| Autor | |
| 260 ## - CIUDAD, EDITORIAL, AÑO | |
| Ciudad | [Barcelona] : |
| Nombre de la Editorial | Luppa Solutions, |
| Año | 2014 |
| 300 ## - DESCRIPCIÓN | |
| N° Páginas | 192 páginas : |
| Otros detalles | fotografías ; |
| Dimensiones | 31 cm. |
| Material Adicional | |
| 440 ## - MENCIÓN DE SERIE | |
| Título de la Serie | |
| Número de Serie | |
| Volumen de Serie | |
| 650 ## - TEMAS | |
| Temas | Ciencias Naturales |
| 653 ## - DESCRIPTORES | |
| Lenguajes no controlado | Árboles |
| 654 ## - PROGRAMAS | |
| Programa | Todos los programas |
| 942 ## - ELEMENTOS DE KOHA | |
| Tipo de documento | Libro |
| Nombre del creador | Justo Noguera |
| Código de catalogador | Margarita Torres |
| Esquema de clasificación | Dewey Decimal Classification |
| Suppress in OPAC | |
| Codigo completo | Registro | Colección | Copia número | Disponibilidad | Tipo de préstamo | Biblioteca Actual | Procedencia (Biblioteca) | Ubicacón | Fecha Ingreso | Tipo de Adquisición | Date last seen | Total checkouts | Price effective from | Tipo de Item | Estado del Material | Fuente de Clasificación | Damaged status | Withdrawn status |
|---|---|---|---|---|---|---|---|---|---|---|---|---|---|---|---|---|---|---|
| 582.16 P48 | 1085163 | Colección Vera Bejar | 1 | Restringido | Víctor Andrés Belaunde | Víctor Andrés Belaunde | Planta baja cerrada | 03/12/2025 | Donación | 03/12/2025 | 03/12/2025 | Libro | Bueno | Dewey Decimal Classification | Withdrawn |




